000 00786nam a2200265Ia 4500
003 OSt
005 20220930080616.0
006 a|||||r|||| 00| 0
007 ta
008 220926b |||||||| |||| 00| 0 hin d
024 _a91660
037 _cTheses
040 _aCRL
_cCRL
_bhin
041 _2hin
_ahin
100 _aRao Rajesh Kumar
_9539457
110 _aUniversity of Delhi. Faculty of Arts. Department of Hindi
245 0 _aShiwani ke upanyason mein istri ki chavi
260 _c2007
300 _a255p.
_ap.
_ccm.
650 _aHINDI LITERATURE
_923866
700 _a Dr. Kush Satyendra Gu.
_9539458
700 _aUniversity of Delhi. Faculty of Arts. Department of Hindi
942 _cDIS
_2CC
999 _c870168
_d870168